| 000 | 00777nam a2200301 a 4500 | ||
|---|---|---|---|
| 003 | AR-BaBNM | ||
| 005 | 20251128203618.0 | ||
| 008 | 082120s2002 ||||||||||||||000 | spa|| | ||
| 040 | _cAR-BaBNM | ||
| 100 | 1 | _aAlarcón, Pedro Antonio de | |
| 245 | 0 | 0 | _aEl capitán veneno |
| 250 | _a5ª ed. | ||
| 260 |
_aBuenos Aires _bTroquel _c1966 |
||
| 300 | _a145 p. | ||
| 490 | 0 | _aClásicos Troquel | |
| 500 | _aContiene juicios críticos en p. 143 | ||
| 650 | 4 | _aLITERATURA ESPAÑOLA | |
| 650 | 4 | _aNOVELAS | |
| 650 | 4 | _aSIGLO DIECINUEVE | |
| 650 | 4 | _aROMANTICISMO | |
| 650 | 4 | _aHUMOR | |
| 653 | _aCOSTUMBRISMO | ||
| 655 | _aLITERATURA | ||
| 700 | 1 |
_aEntenza, Beatriz Elena _eprologuista |
|
| 800 | 1 |
_aCaillet-Bois, Julio _edirector |
|
| 942 | _cBK | ||
| 998 | _cisola | ||
| 999 |
_c4134 _d4134 |
||